| 000 | 02056cam a22003854a 4500 | ||
|---|---|---|---|
| 001 | 16204785 | ||
| 003 | PILC | ||
| 005 | 20150303123725.0 | ||
| 008 | 100423s2011 moua b 001 0 eng | ||
| 010 | _a 2010017591 | ||
| 020 | _a9781437707502 (pbk. : alk. paper) | ||
| 020 | _a9789814371018 | ||
| 035 | _a(DNLM)101529470 | ||
| 040 |
_aDNLM/DLC _cDLC _dDLC |
||
| 050 | 0 | 0 |
_aRT 81.5 _b.B863 2013 |
| 060 | 1 | 0 |
_aWY 20.5 _bB967u 2011 |
| 082 | 0 | 0 | _a610.73072 |
| 100 | 1 |
_aBurns, Nancy _q(Nancy Ann) |
|
| 245 | 1 | 0 |
_aUnderstanding nursing research : _bbuilding an evidence-based practice / _cNancy Burns, Susan K. Grove ; with special contributions by Jennifer Gray. |
| 250 | _bPhilippine edition. | ||
| 260 |
_aSt. Louis, MO : _bSaunders/Elsevier, _cc2013. |
||
| 300 |
_axiii, 574 pages : _bcolored illustrations ; _c23 cm. |
||
| 504 | _aIncludes bibliographical references and index. | ||
| 505 | 0 | _aIntroduction to nursing research and evidence-based practice -- Introduction to the quantitative research process -- Introduction to the qualitative research process -- Examining ethics in nursing research -- Research problems, purposes, and hypotheses -- Understanding the literature review in published studies -- Understanding theory and research frameworks -- Clarifying quantitative research designs -- Examining populations and samples in research -- Clarifying measurement and data collection in quantitative research -- Understanding statistics in research -- Critical appraisal of quantitative and qualitative research for nursing practice -- Building an evidence-based nursing practice -- Introduction to outcomes research. | |
| 521 | _aNursing | ||
| 650 | 0 |
_aNursing _xResearch _xMethodology. |
|
| 650 | 0 | _aEvidence-based nursing. | |
| 650 | 1 | 2 |
_aNursing Research _xmethods. |
| 650 | 2 | 2 | _aEvidence-Based Nursing. |
| 700 | 1 | _aGrove, Susan K. | |
| 700 | 1 |
_aGray, Jennifer, _d1955- |
|
| 906 |
_a7 _bcbc _corignew _d1 _eecip _f20 _gy-gencatlg |
||
| 942 |
_2lcc _cBK |
||
| 999 |
_c283694 _d283694 |
||